[Event "New York op"]
[Site "New York"]
[Date "1998.03.16"]
[Round "2"]
[White "Milov, Vadim"]
[Black "Mainka, Romuald"]
[Result "1-0"]
[WhiteElo "2635"]
[BlackElo "2500"]
[Annotator "Tyomkin,D"]
[PlyCount "79"]
[EventDate "1998.03.16"]
[EventType "swiss"]
[EventRounds "9"]
[EventCountry "USA"]
[SourceTitle "CBM 064"]
[Source "ChessBase"]
[SourceDate "1998.06.02"]
[SourceVersion "1"]
[SourceVersionDate "1998.06.02"]
[SourceQuality "1"]

1. d4 f5 2. g3 Nf6 3. Bg2 g6 4. Nh3 d6 5. Nc3 Bg7 6. d5 c6 7. Nf4 O-O 8. h4 Qb6
(8... cxd5 $5 {Khenkin} 9. Ncxd5 (9. Bxd5+ Nxd5 10. Qxd5+ Rf7 $15) 9... e6 10.
Nxf6+ Bxf6 {/\ d5} 11. e4 (11. Nxe6 $2 Bxe6 12. Bxb7 Na6 $1 13. Bxa8 Qxa8 $17)
(11. c4 Qa5+ {/\ Qc5 ><c4}) 11... fxe4 12. Bxe4 Qa5+ 13. c3 Qe5 14. Qe2 d5 $10)
(8... Ng4 {Khenkin} 9. O-O Ne5 10. e4 Na6 11. exf5 Bxf5 12. h5 (12. Ne6 $5 $13)
12... Nc7 (12... g5 $2 13. Ne6 Bxe6 14. dxe6 h6 15. Qe2 d5 16. f4 $16) (12...
Nb4 $5 13. hxg6 hxg6 14. Be4 Qd7) 13. hxg6 hxg6 14. Ne4 $2 (14. Re1 $13) 14...
cxd5 $1 15. Nxd5 Bg4 16. f3 {~~ Khenkin,I-Wilson,J/Gausdal 1992} (16. Qd2 Nf3+
17. Bxf3 Bxf3 18. Nxc7 Bxe4 $40 {>>}) (16. f3 Rxf3 $3 17. Bxf3 Bxf3 18. Rxf3 (
18. Qd4 Be2 $17) (18. Nxe7+ Qxe7 19. Rxf3 Nxf3+ 20. Qxf3 d5 $17) 18... Nxf3+
19. Qxf3 (19. Kg2 Ne1+ $1 20. Qxe1 Nxd5 $17) 19... Nxd5 20. Ng5 Qb6+ 21. Kg2
Nf6 $17)) (8... e5 {Tyomkin,D} 9. dxe6 d5 10. h5 g5 (10... Nxh5 $2 11. Nxh5
gxh5 12. e4 $1 {[%cal Gd1h5]} Qe8 $2 (12... Bxe6 $8 13. Qxh5 Bxc3+ 14. bxc3 Rf7
$13) (12... fxe4 13. Qxh5 Bxe6 14. Qxh7+ Kf7 15. Rh6 $1 $18 {[%cal Rh6g6,Rh6e6]
}) 13. exd5 cxd5 (13... Bxc3+ 14. bxc3 cxd5 15. Bxd5 $18) 14. Nxd5 Bxe6 15. Nc7
Qe7 16. Nxe6 Qxe6+ 17. Be3 Qe8 18. Bxb7 Nd7 19. Qd5+ {1-0 Matamoros,
C-Rodriguez Uria,J/Candas op 1992}) 11. h6 Bh8 12. Nh3 g4 13. Ng5 Qe7 14. Nf7
Bxe6 15. Nxh8 Kxh8 16. Bg5 Rg8 17. Bf4 Nbd7 18. Qd3 b5 19. Nd1 $14 {[%csl Rf4]
[%cal Gd1e3] Davies,N-Silseth,S/Gausdal PG 1994/1-0(44)}) 9. h5 $5 $146 (9. O-O
{Tyomkin,D} Ng4 10. dxc6 bxc6 11. Ncd5 Qd8 12. Nb4 Bd7 $13 {Bykhovsky,
A-Patricio/Cordoba op 1991/1-0(33)}) 9... Ng4 (9... g5 $5 10. h6 Ng4 11. Nd3
$14) 10. Nd3 Na6 11. hxg6 hxg6 12. O-O (12. dxc6 $5 bxc6 13. Nd5 Qb7 (13... Qd8
14. Bg5 Rf7 15. N5f4 $18 {[%csl Rg6]}) 14. c4 $36 {[%cal Gc1g5]} (14. N5f4 Rf6)
) 12... e5 13. dxe6 Bxe6 14. Bf3 (14. Nf4 Bf7 15. Qxd6 Rfd8 (15... Rad8 16. Qa3
Nb4 17. Qa4) 16. Qe7 (16. Qa3 $2 Bf8) 16... Nb4 $36) 14... Ne5 15. Be3 Qc7 (
15... Nxf3+ 16. exf3 Qc7 17. Re1 Rae8 18. Nf4 $14 {[%cal Ge3d4]}) 16. Bg2 Rae8
17. Nf4 Bc8 18. Bd4 Bh6 (18... Nc5 $6 19. Bxe5 dxe5 20. Nxg6) 19. e3 (19. Bxe5
dxe5 20. Nxg6 Rf6 21. Nh4 Rd6 $44) 19... Qh7 $5 {An interesting pawn sacrifice,
black gets an initiative on the kingside.} (19... Kh7 {[%csl Gg6]}) 20. Bxa7 g5
21. Nd3 Ng4 22. Re1 Bg7 23. Bd4 Qh2+ 24. Kf1 Bh6 (24... Ne5 $44) 25. Bb6 {
Black has clear compensation for sacrificed pawn,but destroys his position
with the next move:} c5 $4 (25... Be6 $44) (25... Bg7 $44) 26. Bd5+ Kh7 27. Qf3
$16 {/+-} Nb4 28. Nxb4 cxb4 29. Ne2 (29. Nb5 f4 30. exf4 Rxe1+ 31. Rxe1 gxf4
32. Re7+ $18) 29... Qh5 {[%cal Rg4h2]} 30. Qh1 Qg6 31. Nd4 f4 32. exf4 gxf4 33.
Rxe8 Rxe8 34. gxf4 Kg7 35. Re1 Bxf4 36. Rxe8 Qxe8 37. Qe4 Qh5 $2 (37... Qxe4
38. Bxe4 Kf6 39. Ke2 Ke5 40. Bg2 $18 {+P _|_}) 38. Qe7+ Kh6 39. Qf8+ Kg6 40.
Be4+ 1-0

[Event "Mario Covas 1st"]
[Site "Santos"]
[Date "2001.01.31"]
[Round "3"]
[White "Limp, Eduardo Thelio"]
[Black "Rodriguez Vila, Andres"]
[Result "1-0"]
[WhiteElo "2462"]
[BlackElo "2493"]
[Annotator "Tyomkin,D"]
[PlyCount "89"]
[EventDate "2001.01.29"]
[EventType "tourn"]
[EventRounds "11"]
[EventCountry "BRA"]
[EventCategory "8"]
[SourceTitle "CBM 082"]
[Source "ChessBase"]
[SourceDate "2001.05.17"]
[SourceVersion "1"]
[SourceVersionDate "2001.05.17"]
[SourceQuality "1"]

1. Nf3 d6 2. d4 f5 3. c3 Nf6 4. g3 g6 5. Bg2 Bg7 6. Qb3 c6 7. O-O Qb6 8. Nbd2
Qxb3 (8... Nbd7 {This move shuts up the bishop c8.} 9. Re1 Qxb3 10. axb3 e5 11.
dxe5 dxe5 12. e4 fxe4 13. Ng5 Nc5 14. Ngxe4 Nfxe4 15. Bxe4 $14 {[%csl Re5]
[%cal Gb3b4] 1-0 Gustafsson,J-De Heer,M/Dieren NED 1999 (41)}) 9. axb3 {
[%mdl 4096] Black probably reaches equality in this ending by accurate play.}
Na6 $146 (9... Be6 10. Re1 (10. Ng5 $6 Bg8 11. b4 h6 12. Nh3 g5 $11 {1-0
Sergeev,V-Ruckschloss,K/Sala 1995/EXT 97 (63)}) 10... h6 11. b4 Kf7 12. e4 fxe4
13. Nxe4 Nxe4 14. Rxe4 Bd5 $11 {1/2-1/2 Ivanov,M-Solonar,S/Deizisau 1997/EXT
99 (56)}) 10. b4 Nc7 {[%csl Yb5,Yd5,Ye6] That was the good monouevre of black
knight to c7- it covers important light squares all over.} 11. Re1 {White
chooses the standard plan with e2-e4, but it doesn't bring white the advantage.
} h6 (11... O-O 12. e4 fxe4 13. Nxe4 Nxe4 (13... Nfd5) 14. Rxe4 Nd5 $11) 12. e4
fxe4 13. Nxe4 Nxe4 14. Rxe4 g5 (14... Nd5 $5) 15. h4 {[%csl Yf4] Breaking the
structure on the kingside, white gets some squares for his pieces, like
f4-outpost.} Bf5 16. Re1 g4 17. Nd2 {[%cal Gd2c4,Gc4e3]} Kd7 18. Nc4 Be6 19.
Ne3 a6 20. Be4 {[%cal Ge3g2,Gg2f4]} Rhf8 21. Ng2 Nd5 (21... Bd5 $5 {It was
good idea to trade light square bishops, at least because all white pawns are
on the dark squares.} 22. Nf4 Bxe4 23. Rxe4 $11) 22. Nf4 {White knight is
arrived to f4-outpost, but black just trades it.} Nxf4 23. Bxf4 Bf5 24. Ra5 e6
(24... d5 $5 25. Bg2 $11) 25. Bxf5 Rxf5 26. Rxf5 exf5 27. h5 $1 {[%csl Rh6]
This is necessary to fix the pawn h6 on the dark square.} a5 28. Ra1 a4 29. Kf1
b5 30. Ke2 Bf6 $1 (30... Re8+ 31. Kd3 {[%cal Gb2b3]}) 31. Kd3 Bg5 32. Bxg5 hxg5
{Transfering the game to the pleasant rook ending for black.} 33. b3 a3 34. d5
$1 {[%cal Gd3d4] Triying to activate white king.} cxd5 35. Kd4 Kc6 (35... Ke6
36. Re1+ Kd7 37. Kxd5 (37. Ra1 $11) 37... Re8 $1 $11) 36. h6 Rh8 37. Rxa3 Rxh6
38. Ra6+ Kb7 39. Ra5 Rh2 (39... Kc6 40. Ra6+ $11) 40. Kxd5 Rxf2 $2 {Black
tries to win this ending, but the most important here is the activity of
kings- white king is much more active now.} (40... Kc7 41. Ra7+ Kb6 42. Rd7
Rxf2 43. Rxd6+ Kc7 44. Rf6 f4 45. Rf7+ Kb6 46. Rf6+ $11) 41. Kxd6 $18 Rf3 42.
Rxb5+ Kc8 43. c4 Rxb3 $2 {This move loses at once. Better chance for black was:
} (43... f4 44. Rxg5 Rxg3 45. Kc6 {[%cal Rg5g8]} Kd8 (45... Kb8 46. b5 $18 {
[%cal Rb5b6]}) 46. b5 f3 47. Rf5 (47. b6 f2 48. b7 Rxb3 49. Rb5 $11) 47... Rh3
48. b6 Rh8 (48... Rh6+ 49. Kb5 $18) 49. c5 Rg8 (49... Ke7 50. Rf4 $1 $18 {
[%cal Gb6b7]}) 50. b7 Ke7 51. Rf4 $1 g3 52. Rxf3 g2 53. Re3+ $18 {[%cal Ge3e1]}
) 44. Rxf5 Rxb4 45. Rc5+ (45. Rc5+ Kd8 (45... Kb8 46. Rb5+ $18) 46. Rxg5 {
[%cal Rg5g8,Rg5g4]} Rb6+ 47. Kc5 $18 {[%cal Gg5g4]}) 1-0

[Event "Elgoibar 07th"]
[Site "Elgoibar"]
[Date "1997.11.27"]
[Round "2"]
[White "Izeta Txabarri, Felix"]
[Black "Vallejo Pons, Francisco"]
[Result "0-1"]
[WhiteElo "2525"]
[BlackElo "2415"]
[Annotator "Tyomkin,D"]
[PlyCount "120"]
[EventDate "1997.11.26"]
[EventType "tourn"]
[EventRounds "9"]
[EventCountry "ESP"]
[EventCategory "10"]
[SourceTitle "CBM 063"]
[Source "ChessBase"]
[SourceDate "1998.03.26"]
[SourceVersion "1"]
[SourceVersionDate "1998.03.26"]
[SourceQuality "1"]

1. d4 {It was second win in a row with black pieces for Vallejo Pons in
Elgoibar tourn. in first 2rounds.And both of them he won in Dutch op.} f5 2. g3
Nf6 3. Bg2 g6 4. b3 Bg7 5. Nf3 O-O 6. O-O d6 7. Bb2 Ng4 8. Nbd2 (8. e3 $5 {
[%csl Gf4] preventing f5-f4}) 8... f4 9. Qc1 $6 $146 {[%cal Gc1b2,Yd4d5]} (9.
h3 {Dautov} Nh6 10. g4 Nf7 11. e3 fxe3 12. fxe3 e5 13. c4 (13. dxe5 Nc6 (13...
dxe5 14. Ne4 $14) 14. Nc4 Be6 (14... Ncxe5 $2 15. Nfxe5 Nxe5 16. Nxe5 dxe5 17.
Qd5+ $16) (14... d5 $2 15. Na3 Re8 16. c4 $16) 15. Nd4 (15. exd6 $2 Bxc4 16.
Bxg7 Bxf1 17. Bxf8 Bxg2 $19) 15... Bxc4 16. Nxc6 bxc6 17. bxc4 Qd7 $10) 13...
exd4 14. exd4 Nc6 15. Ne4 $14 {Nepomnishay,M-Vyzmanavin,A/St.Petersburg Petrov
1996/1-0(40)}) 9... fxg3 10. hxg3 Qe8 {[%cal Ge7e5]} 11. d5 h6 $36 {[%cal
Gg6g5] Black plans to transfer the queen to-h5,and than to move Nb8 to-e5.} 12.
Bxg7 Kxg7 13. c4 g5 {[%cal Ge8h5]} 14. Qc3+ Kg8 15. Nh2 Nxh2 16. Kxh2 Qh5+ 17.
Kg1 Nd7 {[%cal Gd7f6,Gf6g4] Another knight is coming to-g4.} 18. Nf3 Nf6 19.
Nh2 Bh3 20. Rae1 Bxg2 21. Kxg2 g4 {[%csl Rh2]} 22. e4 Qh3+ 23. Kg1 {Now the
most interesting part of this game is starting.} Nh7 $6 {[%cal Gh7g5]} (23...
Nd7 $1 $17 {[%cal Gd7e5]}) 24. f4 (24. e5 $5 Ng5 {[%cal Rg5f3]} 25. Re3 Rf7 {
[%csl Ge7] taking control over-e7} 26. Qd3 $132 {[%cal Gd3e2,Gd3g6]}) 24...
gxf3 25. Rxf3 Ng5 26. Rf5 (26. Rxf8+ Rxf8 {[%cal Rg5f3]} 27. Re3 (27. Rf1 $2
Rxf1+ 28. Nxf1 Nxe4 $17) 27... e5 $1 $17 {[%csl Re4,Rg3]} (27... Qh5 28. Kg2 $1
Nh3 $140 $2 29. Rf3)) 26... Rf6 (26... Rxf5 $2 27. exf5 Qxf5 28. Rxe7) 27. Rxf6
exf6 {I guess that the next stage of the game was in mutual time-trouble.} 28.
Re3 Kf7 {[%cal Ga8e8]} 29. Qa5 $6 (29. c5 Re8 30. cxd6 cxd6 31. Qc7+ Re7 32.
Qxd6 Rxe4 $1 (32... Nxe4 $2 33. Qf4) 33. Qc7+ Kg6 34. Qc5 (34. Qc2 Qf5 $17)
34... Qf5 $17) 29... b6 30. Qe1 Qh5 31. b4 $2 (31. Qe2 Qxe2 32. Rxe2 Re8 33.
Ng4 Rxe4 $17) (31. Kg2 $1 {[%cal Gh2f3]} Re8 32. Nf3 Qh3+ 33. Kg1 Qg4 $15 {
[%csl Re4,Rg3] /-/+}) 31... Rg8 $2 (31... Re8 $1 {[%csl Re4][%cal Gh5g6]}) 32.
c5 $2 (32. Kg2 $1 Re8 (32... Qh3+ 33. Kh1 (33. Kg1 Nxe4 $1 34. g4 Rxg4+ 35.
Nxg4 Qxg4+ $17)) 33. Nf3 {-31.Kg2}) 32... Re8 33. cxd6 cxd6 $19 {[%csl Re4]}
34. Kg2 Qh3+ 35. Kg1 Qh5 $138 36. Kg2 {[%tqu "En","","","","g5e4","",10]} Nxe4
$1 37. Qe2 (37. Rxe4 Qxd5 38. Kf3 f5) 37... Qxd5 {White could resign right now.
} 38. Kg1 Re6 (38... Nxg3 $1) 39. Nf3 f5 (39... Nxg3 $1) 40. Nh4 Ke7 41. Ng2
Nxg3 {Finally black decided to take third pawn!} 42. Rxe6+ Qxe6 43. Qa6 Qd7 44.
Nf4 Qc6 45. Kh2 Qf3 46. Qxa7+ Kf6 47. Nd5+ Qxd5 48. Kxg3 Qd3+ 49. Kf2 Qd2+ 50.
Kf1 Qxb4 51. Qa8 Qf4+ 52. Kg1 Qe3+ 53. Kf1 f4 54. Qf8+ Ke5 55. Qg7+ Kd5 56.
Qf7+ Kd4 57. Qg7+ Qe5 58. Qxh6 Ke3 59. a4 Qd5 60. Qh3+ Qf3+ 0-1

[Event "Asker 75th"]
[Site "Asker"]
[Date "1997.11.24"]
[Round "3"]
[White "Johannessen, Leif Erlend"]
[Black "Akesson, Ralf"]
[Result "0-1"]
[WhiteElo "2330"]
[BlackElo "2520"]
[Annotator "Tyomkin,D"]
[PlyCount "44"]
[EventDate "1997.11.22"]
[EventType "tourn"]
[EventRounds "9"]
[EventCountry "NOR"]
[EventCategory "10"]
[SourceTitle "CBM 062"]
[Source "ChessBase"]
[SourceDate "1998.01.31"]
[SourceVersion "1"]
[SourceVersionDate "1998.01.31"]
[SourceQuality "1"]

1. d4 g6 2. g3 f5 3. Bg2 Nf6 4. c3 Bg7 5. Qb3 (5. Nd2 {Tyomkin,D} Nc6 6. Nc4 {
[%cal Gd4d5]} (6. e4 $5 fxe4 (6... e5 $5) 7. Nxe4 Nxe4 8. Bxe4 O-O) 6... e6 7.
Nf3 (7. Bg5 $5 h6 8. Bxf6 Qxf6 9. d5) 7... d6 8. Bf4 h6 9. Qb3 g5 10. Be3 Qe7
11. O-O-O a6 12. h4 g4 13. Ne1 {[%cal Ge1d3]} d5 14. Nd2 a5 15. Nd3 a4 16. Qc2
O-O 17. Bf4 {[%cal Gf2f3,Ge2e4]} b6 18. f3 a3 19. b3 Ba6 20. Rhe1 Nh5 21. fxg4
fxg4 22. e4 $14 {Hebden,M-Hodgson,J/London WFW 1990/CBM 18/0-1(45)}) 5... Nc6
6. Nd2 d6 (6... e6 {Tyomkin,D} 7. Nh3 Qe7 8. Nf4 a5 9. a4 d5 10. Nf3 Ne4 11. h4
$14 b6 12. h5 g5 13. h6 Bxd4 14. Nxd4 Nxd4 15. cxd4 gxf4 16. Bxf4 Ba6 17. Rc1
Bc4 18. Rxc4 dxc4 19. Qb5+ c6 $2 (19... Qd7 $142 20. Qxc4 (20. Bxc7 Qxb5 21.
axb5 a4) 20... c6) (19... Kf7 20. Bxe4 fxe4 21. Qh5+ Kf8 22. Rh4 $40) 20. Qxc6+
Kf7 21. Bxe4 $18 {Schandorff,L-Nilssen,J/Nordic Grand Prix 1997/EXP 56/1-0(24)}
) 7. d5 $146 (7. e4 {Tyomkin,D} e5 8. d5 $2 (8. Ne2 $142) 8... Ne7 9. exf5 gxf5
10. Ne2 (10. Nh3 {[%cal Gh3g5,Yg5e6]} h6) 10... O-O $15 {[%csl Rd2]} 11. O-O
Kh8 12. c4 Qe8 13. f4 e4 {[%csl Rd2]} 14. Re1 (14. Nd4 $6 Nfxd5) 14... b5 (
14... c6 $5) 15. Nc3 bxc4 16. Nxc4 Ba6 $15 {[%csl Rd5,Ge4,Gf5][%cal Ga8b8]
Urban,K-Jakubiec,A/POL-ch 1993/EXP 35/0-1(35)}) 7... Ne5 8. Nh3 O-O 9. Nf3 (9.
Nf4 $142 $14) 9... Nxf3+ 10. Bxf3 (10. exf3 $5 e6 11. dxe6 Qe7 12. O-O Bxe6 13.
Re1 (13. Qxb7 $2 Bc4 {[%cal Rf8b8]}) 13... Bxb3 14. Rxe7 Rf7 15. Re1 {[%cal
Gh3g5,Gf3f4]}) 10... e5 11. dxe6 Qe7 12. Nf4 c6 {[%cal Gg6g5]} (12... g5 13.
Nd5 Nxd5 14. Bxd5 c6 15. Bxg5 Qxg5 16. e7+ cxd5 17. Qxd5+ Kh8 18. exf8=Q+ $13)
13. h4 Ng4 14. Bxg4 $6 (14. O-O $142) (14. e4 $6 Ne5 15. Bg2 fxe4 16. Bxe4 d5
$36) 14... fxg4 15. Be3 Rf5 16. O-O-O d5 17. Bd4 $2 (17. Kb1 b6 (17... Bh6 $2
18. Nxg6) 18. Qc2 (18. Bd4 Bh6 19. h5 g5) 18... Bxe6 19. h5 g5 20. Nxe6 Qxe6
21. h6 Bh8 $15) 17... Bh6 18. Kb1 $2 (18. Be3 $1 Bxe6 19. Qc2 {Although pair
of bishops and space advantage black has vulnerable pawn structure on the
kingside-h4-h5 is always unpleasant.} Bd7 (19... Bg7 20. h5 g5 21. Nxe6 Qxe6
$15)) 18... Bxf4 $17 19. gxf4 Rxf4 20. h5 g5 21. h6 Bxe6 {[%cal Gc6c5]} 22. Be3
$4 {[%tqu "En","","","","d5d4","",2]} d4 0-1

[Event "DEN-ch"]
[Site "Taastrup"]
[Date "1998.04.07"]
[Round "4"]
[White "Nielsen, Peter Heine"]
[Black "Sahl, Bjarke"]
[Result "1/2-1/2"]
[WhiteElo "2505"]
[BlackElo "2430"]
[Annotator "Tyomkin,D"]
[PlyCount "60"]
[EventDate "1998.04.04"]
[EventType "tourn"]
[EventRounds "9"]
[EventCountry "DEN"]
[EventCategory "9"]
[SourceTitle "CBM 065"]
[Source "ChessBase"]
[SourceDate "1998.08.06"]
[SourceVersion "1"]
[SourceVersionDate "1998.08.06"]
[SourceQuality "1"]

{[%mdl 6468]} 1. d4 f5 2. g3 Nf6 3. Bg2 g6 4. Nf3 Bg7 5. O-O O-O 6. b4 d6 (6...
Ne4 {Tyomkin,D} 7. c4 (7. Bb2 a5 8. a3 (8. b5 $5) 8... d6 (8... axb4 $142 9.
axb4 Rxa1 10. Bxa1 d5 $13) 9. Nbd2 c6 10. c4 axb4 11. axb4 Rxa1 12. Bxa1 d5 13.
Qb3 Nxd2 14. Nxd2 Be6 15. c5 $14 {[%cal Gb4b5] Bosboom,M-Barua,D/Lost Boys
Open, Antwerp BEL 1997/0-1(43)}) 7... d6 8. Bb2 Nd7 9. Nbd2 Nxd2 10. Qxd2 c6 (
10... e5 $5 11. dxe5 Nxe5 (11... dxe5 12. Qd5+ Kh8 13. Nxe5 c6 14. Qd6 Nxe5 15.
Bxe5 Qxd6 16. Bxd6 Re8 17. Rad1 Rxe2 18. Rfe1 $16) 12. Rac1 $14 (12. Qd5+ $6
Nf7)) 11. d5 $146 (11. a4 Nf6 $6 (11... e5 $142) 12. e3 $6 (12. d5 $142) 12...
Ne4 13. Qe2 Bd7 14. Rfc1 Qc7 15. d5 $14 {Horvath,C-Markus,R/Budapest Spring op
1996/1-0(34)}) 11... Bxb2 12. Qxb2 cxd5 13. Nd4 Nf6 14. cxd5 $14 {Sadler,
M-Malaniuk,V/WchT 4th 1997/1/2-1/2(27)}) 7. Bb2 c6 (7... Ne4 {Tyomkin,D} 8.
Nbd2 a5 (8... d5 $5 9. c4 Be6 $13) 9. b5 a4 10. Rb1 c6 11. bxc6 bxc6 12. c4 $14
Qa5 13. Qc2 Na6 14. a3 Bd7 15. e3 (15. Nxe4 $5 fxe4 16. Nd2 d5 $14 {/+-}) 15...
d5 16. Rfd1 e6 (16... Rab8 $5 {Tyomkin,D leave /^c8-h3 for Bd7}) 17. Nxe4 fxe4
18. Ne5 Qc7 $2 (18... Bxe5 $142 {Tyomkin,D} 19. dxe5 {[%cal Gg2e4]} Rf7 20. Bd4
Qc7 21. c5 $140 Qa5 22. Rb6 Nc7 $14) 19. f4 $16 {Sakaev,K-Poluljahov,A/
RUS-Cup7 1997/1-0(38)} (19. Qxa4 $16 {Tyomkin,D} Bxe5 20. dxe5 Nc5 21. Qc2 Nd3
$140 (21... Rfc8 $16) 22. cxd5 exd5 23. Rxd3 exd3 24. Bxd5+ $18)) 8. c4 Na6 (
8... Qe8 {Tyomkin,D} 9. Nbd2 Na6 $146 (9... h6 10. Qc2 Na6 11. Bc3 Nc7 12. a4
$16 g5 (12... a6 $142) 13. b5 Bd7 14. e3 a6 15. bxc6 (15. b6 Ne6 16. Qxf5 Nxd4
$13) 15... Bxc6 16. d5 (16. Qxf5 Ne4 (16... Bxa4 $2 17. Qa5) 17. Qa5 $16) 16...
Bd7 17. a5 e5 18. Rab1 (18. dxe6 Nxe6 19. Qxf5 $6 Nf4) 18... Bc8 19. Rb6 Qd8
20. Rd1 (20. Bb4 Nce8 {/\Nd7}) 20... Nce8 21. Rb2 (21. Rbb1 $142) 21... Rf7 $16
{[%cal Gf7c7] Sadler,M-Kindermann,S/Bern Cup sp 1996/1-0 (30)}) (9... Nbd7 10.
Qb3 Kh8 11. Ng5 (11. d5 e5 12. dxe6 (12. Ng5 {-11.Ng5}) 12... Qxe6 13. Nd4 Qf7
$14) 11... e5 12. d5 {[%csl Ge6]}) (9... Ne4 $6 10. Nxe4 fxe4 11. Nd2 d5 12.
cxd5 cxd5 13. Qb3 e6 14. f3) 10. Qb3 Nc7 11. Rae1 $6 {[%cal Ge2e4] White easly
gets clear advantage playing on the queenside[see game Sadler-Kindermann,Bern,
1996-9...h6]} (11. a4 {[%cal Gb4b5] Tyomkin,D} Kh8 12. b5 {()}) 11... b5 (11...
Kh8 {Tyomkin,D} 12. e4 fxe4 13. Nxe4 Nxe4 14. Rxe4 Bf5 15. Re3 $16) (11... Ne4
$2 {Tyomkin,D} 12. Nxe4 fxe4 13. Ng5 d5 14. cxd5 cxd5 15. Nxe4 {[%cal Yb3g8]})
12. cxb5+ Be6 13. Qc2 Nxb5 14. Ng5 $6 {Delemarre,J-Croonenborghs,T/EUCup G3
1997/1-0(56)} (14. a4 $142 {Tyomkin,D} Nc7 15. b5 Bd5 16. Rc1 Rc8 17. bxc6 Ne6
(17... Na6 18. Ng5 $16) 18. Ne1 $16)) (8... Kh8 $142 {Tyomkin,D} 9. Nc3 (9.
Nbd2 Be6 {[%cal Ge6g8,Yb8d7] /\ Bg8, Nbd7}) 9... Be6 10. d5 cxd5 11. cxd5 (11.
Ng5)) (8... d5 $5 {Tyomkin,D}) (8... Ne4 {Tyomkin,D} 9. Ne1 $5) 9. Qb3 Nc7 10.
a4 $146 (10. Nc3 Kh8 11. Rfd1 Be6 $6 (11... d5 $142) 12. d5 Bg8 $2 (12... cxd5
13. cxd5 Bg8 14. Nd4 $14 {[%csl Rc7][%cal Ge2e3,Ga1c1] /+/-}) 13. dxc6 b5 (
13... bxc6 14. Nd4) 14. Nd2 bxc4 15. Nxc4 $16 {/+- Kindl,P-Kalker,P/Wuert-ch
1983/1-0 (51)}) (10. Nbd2 Kh8 11. a4 a6 12. Qd3 {Soelch,H-Kalker,P/Wuert-ch
1983/1/2-1/2(17)} (12. Rfe1 {[%cal Ge2e4]} Be6)) 10... h6 $6 {[%cal Gc8e6]} (
10... Kh8 $142 $5 {[%cal Gc8e6]}) 11. Nc3 Be6 12. Rad1 {[%cal Gd4d5]} Qe8 (
12... b5 $5 13. axb5 cxb5 14. d5 $1 (14. Nxb5 Nxb5 15. d5 Bd7 (15... Bf7 $6 16.
cxb5 Nxd5 17. Bxg7 Nf6 18. Qe3 Kxg7 19. Ne5 $1 $14 {[%cal Ge5c6]}) 16. cxb5
Bxb5 17. Nd4 Qd7 18. Nxb5 Qxb5 $132) 14... bxc4 15. Qxc4 Bf7 16. Nd4 Qd7 17.
Nc6 Rfc8 18. b5 $16 {[%cal Gd1d2,Gf1a1]}) 13. d5 Bd7 (13... cxd5 14. cxd5 Nfxd5
15. Nxd5 Bxb2 16. Nxe7+ Qxe7 17. Qxb2 Bd5 $5 $16) 14. Nd4 e5 15. dxe6 {[%csl
Rd6]} Nxe6 16. Nxe6 (16. e3 $5) 16... Bxe6 17. b5 $5 (17. Rxd6 $143 Qf7 18.
Rfd1 Bxc4 19. Qa3 f4 $1 $132) 17... Qf7 18. bxc6 bxc6 19. Rxd6 (19. Bxc6 $6
Bxc4 20. Qa3 Rab8 21. Rxd6 Rfc8 $36 {[%cal Gg7f8,Yb8b3]}) 19... Rab8 20. Qc2
Ne4 $1 (20... Bxc4 21. Rxc6 $16) 21. Bxe4 fxe4 22. Ba3 e3 (22... Bh3 23. Nxe4
Bxf1 24. Kxf1 Rfe8 25. Qd3 $1 $16 {[%cal Gd6d7]} (25. Rxc6 $2 Qb7)) 23. Rxe6 $6
(23. f3 $5 Rfc8 $5 $132 {[%cal Ge6c4,Gg7f8]} (23... Bf5 24. Ne4 Rbe8 {[%cal
Gf5e4]} 25. Rdd1 $18 {[%cal Gd1f1,Gf1d1,Ra3f8]}) (23... Bh3 24. Rc1 (24. Rxc6
Rfc8 25. Rxc8+ Rxc8 26. Rc1 Qxc4 $132 27. Qxg6 $2 Qb3 $17) 24... Bf5 (24...
Qxc4 25. Rxg6 Bf5 26. Rxg7+ Kxg7 27. Bxf8+ Rxf8 28. Qb2 $18) 25. Ne4 Rbe8 26.
Rxc6 Bxe4 27. fxe4 Qf2+ 28. Kh1 $16) (23... Bxc4 24. Rxg6 Rfd8 25. Rxc6 Rd2 26.
Qe4 Bxe2 27. Nxe2 Rxe2 28. Rfc1 $40 {[%cal Gc6c8]})) 23... exf2+ 24. Kg2 Qxe6
25. Bxf8 Rxf8 26. Nd1 Bd4 27. e3 $8 (27. Nxf2 $2 Qf6 28. e4 Qf3+ 29. Kg1 Kg7
$17 {[%csl Rf1,Rf2][%cal Gh6h4,Yf8f4,Yf4g4]}) 27... Bg7 28. Nxf2 (28. Rxf2 $5)
28... Qxe3 29. Ng4 (29. Qxg6 Qf3+ 30. Kg1 Rf5 31. Qe6+ Kh8 32. Qe4 Qxe4 33.
Nxe4 Ra5 $15) 29... Qe6 30. Rxf8+ Bxf8 1/2-1/2